LEADER 01067nam a2200217 i 4500 001 000000051843 003 CaOOAMICUS 005 20130228000000.0 008 130228s1899 xx u000 u lat u 013 $a23015 040 $aSeMil$bita 100 1 $aGonella, Edoardo.$0(OLS)http://semarc/name/25621 245 13$aDe censuris latae sententiae juxta hodiernam Ecclesiae disciplinam brevis expositio et explanatio /$cauctore Eduardo Gonella. 250 $aEditio altera accuratius emendata et novissimis additamentis locupletata. 260 $aAugustae Taurinorum :$bTypographia pontificia Petri Marietti,$c1899. 300 $a221 p. ;$c18 cm. 650 4$aScomunica.$0(OLS)http://semarc/subject/839 850 $aSeMil 852 $aSeMil$W1$xVenegono$y1$m2G I 76 FA$j17998$B17998$CSeMilBibl$Z2$F17999 $8I 996 $6245$aDe censuris latae sententiae juxta hodiernam Ecclesiae disciplinam brevis expositio et explanatio$9(OLS)http://semarc/title/79482 996 $6260$aAugustae Taurinorum :$bTypographia pontificia Petri Marietti$9(OLS)http://semarc/publisher/41388 LEADER 01018nam a2200229 i 4500 001 000000196488 003 CaOOAMICUS 005 20170221000000.0 008 170221s1974 it u000 u ita u 013 $a175170 040 $aSeMil$bita 100 1 $aNicolai, Paolo.$0(OLS)http://semarc/name/93800 245 12$aI fratelli Cervi /$cPaolo Nicolai ; introduzione di Emilio Sereni su Resistenza contadina e democrazia in Italia ; testo e commento di Renato Nicolai. 260 $aRoma :$bEditori Riuniti,$c1974. 300 $a[60] c. di tav. :$bill ;$c22x23 cm. 700 1 $aNicolai, Renato.$0(OLS)http://semarc/name/82098 700 1 $aSereni, Emilio,$d<1907-1977>.$0(OLS)http://semarc/name/59446 850 $aSeMil 852 $aSeMil$W1$xVenegono$y1$m3V V 57$j147051$B147051$CSeMilBibl$Z2$F218101 $81 961 $aOmaggio: Grampa dott. Cesare 996 $6245$aI fratelli Cervi$9(OLS)http://semarc/title/409359 996 $6260$aRoma :$bEditori Riuniti$9(OLS)http://semarc/publisher/30240 LEADER 01146nam a2200253 i 4500 001 000000110539 003 CaOOAMICUS 005 20250516124137.0 008 021205s1991 gw u000 u ger u 013 $a83220 020 $a3-7867-1542-4 020 $a3-506-74535-2 040 $aSeMil$bita 100 1 $aGuardini, Romano,$d<1885-1968>.$0(OLS)http://semarc/name/3002 245 14$aDas Wesen des Christentums. Die menschliche Wirklichkeit des Herrn :$bBeiträge zu einer Psychologie Jesu /$cRomano Guardini. 300 $a208 p. ;$c22 cm. 773 0 $aGuardini, Romano <1885-1968>$tWerke.$dMainz : Matthias Grünewald ; Paderborn : Ferdinand Schöningh, 19-?.$w()8065 850 $aSeMil 852 $aSeMil$W1$xVenegono$y1$m2LL III 42$j257082$B66418$CSeMilBibl$Z2$F77278 $81 961 $aOmaggio: Martini Card. Carlo Maria 996 $6020$a3-7867-1542-4$9(OLS)http://semarc/number/92333 996 $6020$a3-506-74535-2$9(OLS)http://semarc/number/92334 996 $6245$aDas Wesen des Christentums. Die menschliche Wirklichkeit des Herrn :$bBeiträge zu einer Psychologie Jesu$9(OLS)http://semarc/title/160698